Statistics for Smallest Neighbouring Countries #3

Click here to take the quiz!

General Stats

  • This quiz has been taken 25 times
  • The average score is 23 of 28

Answer Stats

Country ...and it's smallest neighbour % Correct
ArgentinaUruguay
100%
SpainAndorra
94%
North KoreaSouth Korea
94%
ParaguayBolivia
94%
PeruEcuador
94%
MexicoBelize
88%
LuxembourgBelgium
88%
PanamaCosta Rica
88%
MozambiqueSwaziland
88%
ArmeniaGeorgia
88%
IraqKuwait
88%
VenezuelaGuyana
81%
IndonesiaEast Timor
81%
RomaniaMoldova
81%
SwitzerlandLiechtenstein
81%
BeninTogo
81%
MauritaniaSenegal
81%
YemenOman
81%
ZambiaMalawi
75%
BelarusLatvia
75%
KenyaUganda
75%
SenegalGambia
75%
NepalIndia
75%
SomaliaDjibouti
75%
BruneiMalaysia
75%
SwedenNorway
75%
SyriaLebanon
75%
Equatorial GuineaGabon
69%

Score Distribution

Percentile by Number Answered

Percent of People with Each Score

Your Score History

You have not taken this quiz